000 00677cam a2200265 4500
001 X128848
008 050218n2005 000 0 eng u
035 _a(Sirsi) u128848
245 _aRegional: Lancashire and Cumbria
260 _c2005
490 _aProperty Week
_v70(6) 28 January 2005, 145-159(8)
650 _aBLACKPOOL
650 _aRETAIL
650 _aINDUSTRIAL
650 _aBURNLEY
650 _aREDEVELOPMENT
650 _aOFFICES
650 _aM5
650 _aMIXED-USE DEVELOPMENTS
650 _aFACTORY OUTLETS
650 _aKENDAL
650 _aCARLISLE
690 _aPROPERTY-COMMERCIAL PROPERTY-COMMERCIAL PROPERTY MARKET
942 _n0
999 _c74816
_d74816